| 000 | 00457nam a22001577a 4500 | ||
|---|---|---|---|
| 003 | MPLRDC | ||
| 005 | 20220104144457.0 | ||
| 008 | 210129b ||||| |||| 00| 0 eng d | ||
| 082 | _a945.31 QWH | ||
| 100 | _a侨务委员会中华函授学校五十五周年 | ||
| 245 |
_a海外校友书画联展作品集 _c |
||
| 260 |
_a _b侨务委员会中华函授学校出版组 _c1995 |
||
| 300 | _b平 | ||
| 650 | _a中国画册--题识 | ||
| 942 |
_cBK _o945.31 QWH |
||
| 999 |
_c49992 _d49982 |
||